000 00531nam a22001577a 4500
003 OSt
005 20150910164826.0
008 150910b xxu||||| |||| 00| 0 eng d
040 _cRUA
082 _aAGR សាង 1995 B012 Or.1
100 _9277
_aសាងវិចិត្រ
245 _aវិភាគទាននៃការសិក្សាអំពីបន្សាំមេផ្សិត និង ការដាំផ្សិត
260 _aPhnom Penh
_bRUA
_c1995
300 _a49p.
_bill.
_c29cm
942 _2ddc
_cAGR
999 _c257
_d257